| 000 | 00860nam a2200301 i 4500 | ||
|---|---|---|---|
| 003 | DO-SdBNP | ||
| 005 | 20250527112524.0 | ||
| 007 | ta | ||
| 008 | 250527s1994 dr c 000 j spa d | ||
| 020 | _a8439984189 | ||
| 040 |
_aDO-SdBNP _bspa _cBNPHU _erda |
||
| 041 | _hspa | ||
| 082 |
_a541.07 _bM816q _222 |
||
| 100 | 1 |
_aMonzó, Antonio _eautor _973841 |
|
| 245 | 1 | 3 |
_aQuimica general : _b5to curso educación media (3er teórico) / _c Antonio Monzó |
| 264 | 1 |
_aSanto Domingo : _bDisesa, _c1994 |
|
| 300 |
_a268 páginas, : _bilustraciones ; _c23 cm. |
||
| 336 |
_2rdacontent _atexto _btxt |
||
| 337 |
_2rdamedia _asin mediación _bn |
||
| 338 |
_2rdacarrier _avolumen _bnc |
||
| 590 | _aInventariado, 2025/ DG | ||
| 650 | 4 |
_aQuímica _xEnseñanza _987886 |
|
| 700 | _985095 | ||
| 700 | _99580 | ||
| 700 | _985096 | ||
| 910 | _aDG | ||
| 942 |
_2ddc _cLBS1 |
||
| 999 |
_c59091 _d59091 |
||